Cruzada en jeans

Tallennettuna:
Bibliografiset tiedot
Päätekijä: Beckman, Thea (Tekijä)
Aineistotyyppi: Kirja
Kieli:espanja
Julkaistu: Madrid SM 1996
Painos:20a. ed
Sarja:Gran Angular, 29
Aiheet:
Tagit: Lisää tagi
Ei tageja, Lisää ensimmäinen tagi!

MARC

LEADER 00000cam a2200000 a 4500
001 UCH6816
003 CL-VaPUC
008 091109e19960000SP |||||||||||||||||spa|d
020 |a 8434811391 
082 0 4 |a 832  |b BEC  |2 21 
100 0 |a Beckman, Thea  |e author  |9 543416 
245 1 0 |a Cruzada en jeans 
250 |a 20a. ed 
300 |a 239 p 
942 |c BK 
945 |d 20091109 00:00:00  |a lazolas 
260 |a Madrid  |b SM  |c 1996 
650 0 |a Literatura alemana   |9 265457 
650 0 |a Novelas alemanas   |9 265783 
650 0 |a Literatura juvenil   |9 309909 
583 |a last modification  |c 20130715 06:41:25  |k Rodrigo Vera 
490 0 |a Gran Angular, 29 
999 |c 337637  |d 337635